Effectif France - Coupe du Monde 2018 - Statistiques

Statistiques générales
  • Ce quiz a été pris 988 fois
  • Le résultat moyen est 22 sur 24
Statistiques - réponses
POSTE CLUB NUMERO JOUEUR % Correct
ATT Atlético Madrid 7 Antoine Griezmann
99%
G Tottenham 1 Hugo Lloris
99%
ATT PSG 10 Kylian Mbappé
99%
MIL Manchester United 6 Paul Pogba
97%
G OM 16 Steve Mandanda
97%
MIL Chelsea 13 N'Golo Kanté
96%
DEF Real Madrid 4 Raphaël Varane
96%
G PSG 23 Alphonse Aréola
95%
DEF Stuttgart 2 Benjamin Pavard
95%
COACH - - Didier Deschamps
95%
ATT Chelsea 9 Olivier Giroud
95%
ATT FC Barcelone 11 Ousmane Dembélé
95%
DEF FC Barcelone 5 Samuel Umtiti
93%
DEF PSG 3 Presnel Kimpembe
92%
DEF Atlético Madrid 21 Lucas Hernández
90%
DEF OM 17 Adil Rami
88%
ATT OM 20 Florian Thauvin
86%
MIL Juventus 14 Blaise Matuidi
83%
DEF Manchester City 22 Benjamin Mendy
82%
MIL Bayern Munich 12 Corentin Tolisso
82%
MIL Atlético Madrid 8 Thomas Lemar
82%
MIL FC Séville 15 Steven Nzonzi
81%
MIL OL 18 Nabil Fekir
80%
DEF AS Monaco 19 Djibril Sidibé
75%
Aucun quiz correspondant
Distribution des résultats
% des personnes avec chaque résultat
Percentile par nombre de réponses
Votre historique - résultats
Vous n’avez pas pris ce quiz